Catálogo
 En Linea

Biblioteca de selecciones / (Registro nro. 24949)

Detalles MARC
000 -CABECERA
campo de control de longitud fija 00712nam a2200217 u 4500
001 - NÚMERO DE CONTROL
campo de control 000025457
005 - FECHA Y HORA DE LA ÚLTIMA TRANSACCIÓN
campo de control 20200930023812.0
008 - DATOS DE LONGITUD FIJA--INFORMACIÓN GENERAL
campo de control de longitud fija 110216s1970 mx a r 000 0 spa d
040 ## - FUENTE DE LA CATALOGACIÓN
Centro catalogador/agencia de origen DO-SdBNP
Lengua de catalogación spa
Centro/agencia transcriptor BNPHU
041 17 - CÓDIGO DE LENGUA
Código de lengua del texto/banda sonora o título independiente spa
Código de lengua original fre
Fuente del código Código de idiomas MARC
082 ## - NÚMERO DE LA CLASIFICACIÓN DECIMAL DEWEY
Número de clasificación nn*
Número de documento/Ítem nn*
049 ## - FONDOS LOCALES (OCLC)
Fondos de biblioteca BNGR
240 10 - TÍTULO UNIFORME
Título uniforme Renoir.
Lenguaje de la obra Español
245 00 - MENCIÓN DE TÍTULO
Título Biblioteca de selecciones /
Mención de responsabilidad, etc. Traducción de Salustiano Masó.
260 ## - PUBLICACIÓN, DISTRIBUCIÓN, ETC.
Lugar de publicación, distribución, etc. México, D. F. :
Nombre del editor, distribuidor, etc. Reader´s Digest,
Fecha de publicación, distribución, etc. 1970.
300 ## - DESCRIPCIÓN FÍSICA
Extensión 526 p. :
Otras características físicas il. ;
Dimensiones 19 cm.
490 1# - MENCIÓN DE SERIE
Mención de serie Obras Contemporáneas de Mayor Éxito
534 ## - NOTA SOBRE LA VERSIÓN ORIGINAL
Encabezamiento principal del original Título del original :
Mención de título del original Renoir
700 1# - PUNTO DE ACCESO ADICIONAL--NOMBRE DE PERSONA
Nombre de persona Masó, Salustiano,
Término indicativo de función/relación tr.
9 (RLIN) 29539
830 #0 - PUNTO DE ACCESO ADICIONAL DE SERIE-TÍTULO UNIFORME
Título uniforme Obras Contemporáneas de Mayor Éxito
9 (RLIN) 52071

No hay ítems disponibles.

Con tecnología Koha